000 00345nam a2200133Ia 4500
005 20260328101520.0
008 260328s9999||||xx |||||||||||||| ||und||
100 _aTiainen, Jussi
245 0 _aWood :
_b Architecture in Finland /
_cJussi Tiainen
260 _bRakrnnustieto
300 _a143 p.
650 _aMATERIALES CONSTRUCTIVOS
942 _cBK
999 _c9545
_d9545